| 000 | 01234nam0a2200289 4500 | ||
|---|---|---|---|
| 001 | RU\NLR\bibl\1403238 | ||
| 005 | 20260406094526.0 | ||
| 010 | _a978-5-9287-1449-9 | ||
| 021 |
_aRU _b2009-2199и _9133и |
||
| 035 | _a(NLR Aleph) 001395238 | ||
| 090 |
_a1187703 _c1187703 |
||
| 100 | _a20090820d2009 |||y0rusy50 ca | ||
| 101 | 0 | _arus | |
| 102 | _aRU | ||
| 105 | _aa ||||||||| | ||
| 200 | 1 |
_aФинист - Ясный сокол _e[русская сказка _eдля детей старшего дошкольного возраста] _e75 наклеек _f[в обработке Т. Пряниковой _gхудож.: Е Лопатина] |
|
| 210 |
_aМосква _c[б. и.] _dcop. 2009 |
||
| 215 |
_a[16] с. _cцв. ил. _d27 _e1 л. цв. наклеек |
||
| 225 | 1 | _aИграем с русскими сказками | |
| 225 | 1 | _aИнтернет магазин Лабиринт | |
| 702 | 1 |
_4010 _8rus _7ca _aПряникова _bТ. _gТатьяна _3RU\NLR\auth\7767772 _950700 |
|
| 702 | 1 |
_4040 _8rus _7ca _aЛопатина _bЕ. Б. _cхудожник _gЕкатерина Б. _3RU\NLR\auth\7769243 _952171 |
|
| 801 | 0 |
_aRU _bNLR _c20090820 _gRCR |
|
| 801 | 1 |
_aRU _bNLR _c20090820 |
|
| 942 | _cBOOK | ||
| 980 | _aNB | ||